Social Transformation: the Swaziland case (Record no. 8850)

MARC details
000 -LEADER
fixed length control field 00531nam a22001937a 4500
003 - CONTROL NUMBER IDENTIFIER
control field OSt
005 - DATE AND TIME OF LATEST TRANSACTION
control field 20240625155102.0
008 - FIXED-LENGTH DATA ELEMENTS--GENERAL INFORMATION
fixed length control field 240625b |||||||| |||| 00| 0 eng d
020 ## - INTERNATIONAL STANDARD BOOK NUMBER
International Standard Book Number 18707840XX
040 ## - CATALOGING SOURCE
Transcribing agency DDC
082 ## - DEWEY DECIMAL CLASSIFICATION NUMBER
Classification number 303.4 SOC 1995
100 ## - MAIN ENTRY--PERSONAL NAME
Personal name Edited by Nomthetho G. Simelane
9 (RLIN) 17885
245 ## - TITLE STATEMENT
Title Social Transformation: the Swaziland case
260 ## - PUBLICATION, DISTRIBUTION, ETC. (IMPRINT)
Place of publication, distribution, etc. Dakar;
Name of publisher, distributor, etc. SARC,
Date of publication, distribution, etc. 1995
300 ## - PHYSICAL DESCRIPTION
Extent ix,146p;ill: 22cm
500 ## - GENERAL NOTE
General note References, & index included
650 ## - SUBJECT ADDED ENTRY--TOPICAL TERM
Topical term or geographic name as entry element Social transformation
9 (RLIN) 17886
942 ## - ADDED ENTRY ELEMENTS (KOHA)
Source of classification or shelving scheme Dewey Decimal Classification
Koha item type Open Shelf
Holdings
Withdrawn status Lost status Source of classification or shelving scheme Damaged status Not for loan Home library Current library Date acquired Source of acquisition Inventory number Total Checkouts Full call number Barcode Date last seen Koha item type
    Dewey Decimal Classification     MUST Main Library MUST Main Library 25/06/2024 Donation 98/12036   303.4 SOC 1995 2024-21327 25/06/2024 Open Shelf
    Dewey Decimal Classification     MUST Main Library MUST Main Library 25/06/2024 Donation 98/12037   303.4 SOC 1995 2024-21328 25/06/2024 Open Shelf